[Event "Lichtenberger Sommer 2016"]
[Site "?"]
[Date "2016.08.16"]
[Round "4.1"]
[White "Schiffer, Stefan"]
[Black "Dobrov, Vladimir"]
[Result "0-1"]
[WhiteElo "2237"]
[BlackElo "2510"]
[PlyCount "90"]
[EventDate "2016.??.??"]
[WhiteTeam "Brühler SK"]
[BlackTeam "Perovo Moscow"]

1. e4 c5 2. Nf3 d6 3. Bb5+ Bd7 4. Bxd7+ Qxd7 5. O-O Nf6 6. Qe2 Nc6 7. Rd1 g5 8.
c3 g4 9. Ne1 Qe6 10. d3 Rg8 11. Be3 b6 12. Na3 d5 13. Nb5 O-O-O 14. e5 Nxe5 15.
Nxa7+ Kb7 16. Nb5 Bh6 17. b4 g3 18. Bxh6 Neg4 19. Qxe6 gxh2+ 20. Kh1 Nxf2+ 21.
Kxh2 fxe6 22. Rd2 N2g4+ 23. Kg1 Nxh6 24. Re2 e5 25. bxc5 Nf7 26. Rb1 Rg6 27. a4
Ra8 28. Nd4 Nh5 29. Ndf3 Nf4 30. Reb2 Rxa4 31. Rxb6+ Rxb6 32. Rxb6+ Kc7 33. Rb2
Ra1 34. Rd2 e4 35. dxe4 dxe4 36. Kf2 exf3 37. Nxf3 e5 38. Ke3 Ne6 39. c4 Nxc5
40. g4 Ra3+ 41. Ke2 Ne6 42. Rd1 Nf4+ 43. Kf2 e4 44. Nd4 Rh3 45. Nf5 Ne5 0-1

[Event "Lichtenberger Sommer 2016"]
[Site "?"]
[Date "2016.08.16"]
[Round "4.2"]
[White "Gaerths, Ronny"]
[Black "Morawietz, Dieter"]
[Result "0-1"]
[WhiteElo "2169"]
[BlackElo "2424"]
[PlyCount "160"]
[EventDate "2016.??.??"]
[WhiteTeam "SG TT/Wiheil (FV Schach)"]
[BlackTeam "Klub Kölner SF"]

1. c4 e5 2. Nc3 Nf6 3. Nf3 Nc6 4. e3 Bb4 5. Qc2 O-O 6. Nd5 Be7 7. a3 d6 8. Bd3
h6 9. Nxf6+ Bxf6 10. Be4 a5 11. O-O a4 12. Rd1 Be6 13. d4 exd4 14. exd4 d5 15.
cxd5 Bxd5 16. Bxd5 Qxd5 17. Bf4 Rfc8 18. Rac1 Nd8 19. Be5 Be7 20. h3 Ne6 21.
Re1 c6 22. Rcd1 Rd8 23. Bg3 Bd6 24. Be5 Bc7 25. Bxc7 Nxc7 26. Re3 Ne6 27. Re5
Qd6 28. Re4 Qc7 29. Rde1 Rd5 30. Re5 Qa5 31. Rxd5 Qxd5 32. Re5 Nxd4 33. Rxd5
Nxc2 34. Rd7 b5 35. Rc7 Ra6 36. Kf1 b4 37. axb4 Nxb4 38. Ne5 f6 39. Nc4 Nd3 40.
Rb7 Nc5 41. Rc7 Ne6 42. Rb7 Ra8 43. Re7 Nd4 44. Rd7 Nb5 45. g4 Re8 46. f3 h5
47. Kf2 h4 48. Ne3 g6 49. Nc4 Kf8 50. Nb6 Re5 51. Nxa4 Ke8 52. Rb7 g5 53. Rh7
Rd5 54. Ke2 Nd4+ 55. Ke3 Nc2+ 56. Ke2 Re5+ 57. Kf2 Nb4 58. Nc3 Nd3+ 59. Kf1
Re1+ 60. Kg2 Nf4+ 61. Kf2 Nd3+ 62. Kg2 Nf4+ 63. Kf2 Re6 64. Ne4 Nxh3+ 65. Ke3
Nf4 66. Kd4 h3 67. b4 Kf8 68. Ra7 Kg8 69. Ra2 Kf7 70. Rb2 Re5 71. Rc2 Re6 72.
Ra2 Re7 73. Rc2 Rd7+ 74. Ke3 Nd5+ 75. Kf2 Nxb4 76. Rc4 Nd3+ 77. Kg3 Ne5 78. Rc2
Rd3 79. Nd2 h2 80. Kxh2 Rxd2+ 0-1

[Event "Lichtenberger Sommer 2016"]
[Site "?"]
[Date "2016.08.16"]
[Round "4.3"]
[White "Von Herman, Ulf"]
[Black "George, Tom"]
[Result "1/2-1/2"]
[WhiteElo "2340"]
[BlackElo "2044"]
[PlyCount "31"]
[EventDate "2016.??.??"]
[WhiteTeam "SK König Tegel"]
[BlackTeam "SG Stadtilm"]

1. g3 Nf6 2. Bg2 e6 3. Nf3 d5 4. O-O Be7 5. d4 O-O 6. c4 dxc4 7. Qc2 b5 8. a4
b4 9. Qxc4 Ba6 10. Qc2 Nbd7 11. Rd1 c5 12. Ne5 Rc8 13. Nc6 cxd4 14. Qd2 Rxc6
15. Bxc6 Nc5 16. Qc2 1/2-1/2

[Event "Lichtenberger Sommer 2016"]
[Site "?"]
[Date "2016.08.16"]
[Round "4.4"]
[White "Barath M"]
[Black "Lerch, Philipp"]
[Result "1/2-1/2"]
[WhiteElo "2107"]
[BlackElo "2315"]
[PlyCount "104"]
[EventDate "2016.??.??"]
[WhiteTeam "SC Zugzwang 95 (Berlin)"]
[BlackTeam "SC Kreuzberg"]

1. e4 e5 2. Nf3 Nc6 3. Bc4 Nf6 4. d4 exd4 5. O-O Nxe4 6. Re1 d5 7. Bxd5 Qxd5 8.
Nc3 Qd7 9. Nxe4 Be7 10. Bg5 O-O 11. Bxe7 Qxe7 12. Nxd4 Qb4 13. Nxc6 bxc6 14. b3
Bf5 15. a3 Qb6 16. Qf3 Bxe4 17. Rxe4 Rae8 18. Rae1 Rxe4 19. Qxe4 Qc5 20. a4 h6
21. Rd1 f5 22. Qe2 f4 23. Rd3 Qg5 24. h3 f3 25. Rxf3 Rxf3 26. Qxf3 Qc1+ 27. Kh2
Qxc2 28. Qe3 a5 29. f4 Qg6 30. Qe5 Qd6 31. Qe8+ Kh7 32. Qe4+ g6 33. Qc4 Qd5 34.
Qc3 Kg8 35. Qf6 Qd6 36. Qe5 c5 37. Qe4 Kf7 38. Kg3 Qd4 39. Qc6 Qe3+ 40. Qf3 Qe6
41. Qc3 Qb6 42. Qc4+ Ke7 43. Qe4+ Kd7 44. Qd3+ Qd6 45. Qb5+ c6 46. Qb7+ Kd8 47.
Qa8+ Kd7 48. Qa7+ Ke8 49. Qxa5 Qd3+ 50. Kh2 Qxb3 51. Qxc5 Qxa4 52. Qe5+ Kf7
1/2-1/2

[Event "Lichtenberger Sommer 2016"]
[Site "?"]
[Date "2016.08.16"]
[Round "4.5"]
[White "Ahmadinia, Ebrahim"]
[Black "Ross, Chris N"]
[Result "1-0"]
[WhiteElo "2357"]
[BlackElo "2199"]
[PlyCount "83"]
[EventDate "2016.??.??"]
[WhiteTeam "SF 1903 Berlin"]
[BlackTeam "Schachgemeinschaft Niederkasse"]

1. e4 c5 2. Nf3 e6 3. c3 d5 4. exd5 Qxd5 5. d4 Nf6 6. Na3 cxd4 7. Nb5 Qd8 8.
Qxd4 Qxd4 9. Nfxd4 Na6 10. Bf4 Bc5 11. Nb3 Bb6 12. Be2 O-O 13. Nd6 Nc7 14. c4
Na6 15. O-O Nc5 16. Nxc5 Bxc5 17. Rfd1 a5 18. Bf3 Ra7 19. g4 h6 20. h4 b6 21.
g5 hxg5 22. hxg5 Nh7 23. Kg2 e5 24. Nxc8 Rxc8 25. Bxe5 Nxg5 26. Rd5 Nxf3 27.
Kxf3 f6 28. Bg3 Kf7 29. Rad1 Rc6 30. b3 Re7 31. Rd7 Ke6 32. Rd8 Kf7 33. R1d7 g5
34. Kg4 Kg6 35. Rg8+ Kf7 36. Rdd8 Re2 37. Rh8 Be7 38. Rd7 Ke6 39. Rb7 Re4+ 40.
Kf3 Re1 41. Rhb8 Bc5 42. Re8+ 1-0

[Event "Lichtenberger Sommer 2016"]
[Site "?"]
[Date "2016.08.16"]
[Round "4.6"]
[White "Schneider, Christian"]
[Black "Jahn, Thomas"]
[Result "1/2-1/2"]
[WhiteElo "2220"]
[BlackElo "2195"]
[PlyCount "46"]
[EventDate "2016.??.??"]
[WhiteTeam "SG Stadtilm"]
[BlackTeam "SV Empor Berlin"]

1. e4 e5 2. Nf3 Nc6 3. Bc4 Nf6 4. d3 Be7 5. O-O O-O 6. c3 d6 7. Bb3 Kh8 8. Re1
Ng8 9. d4 f5 10. dxe5 fxe4 11. Rxe4 Bf5 12. Re1 Bg4 13. Bxg8 Bxf3 14. gxf3 Kxg8
15. Qd5+ Kh8 16. e6 Qe8 17. f4 Qg6+ 18. Qg2 Qf5 19. Nd2 Rf6 20. Nf1 Rxe6 21.
Be3 Bh4 22. Ng3 Bxg3 23. fxg3 Rae8 1/2-1/2

[Event "Lichtenberger Sommer 2016"]
[Site "?"]
[Date "2016.08.16"]
[Round "4.7"]
[White "Wierzbicki, Jirawat"]
[Black "Figura, Atila Gajo"]
[Result "0-1"]
[WhiteElo "2051"]
[BlackElo "2374"]
[PlyCount "78"]
[EventDate "2016.??.??"]
[WhiteTeam "SK König Tegel"]
[BlackTeam "SC Kreuzberg"]

1. e4 d6 2. d4 Nf6 3. Bd3 e5 4. c3 Nbd7 5. Nf3 g6 6. O-O Bg7 7. Re1 O-O 8. Nbd2
Re8 9. Qc2 b6 10. Nf1 Bb7 11. Ng3 Rc8 12. h3 exd4 13. cxd4 c5 14. d5 c4 15. Bf1
b5 16. Bd2 Nc5 17. Bc3 a5 18. a3 Nb3 19. Rad1 Qb6 20. Nd2 a4 21. Nxb3 axb3 22.
Qd2 Nd7 23. Bxg7 Kxg7 24. Kh2 f6 25. f4 Re7 26. h4 Rce8 27. f5 Re5 28. Qb4 Qc5
29. Qd2 Nb6 30. Rc1 Bc8 31. fxg6 hxg6 32. Be2 Rh8 33. h5 Qf2 34. Qd1 Qf4 35.
Rc3 Rg5 36. Rh1 gxh5 37. Qc1 Qe5 38. Qe3 Na4 39. Qa7+ Kg6 0-1

[Event "Lichtenberger Sommer 2016"]
[Site "?"]
[Date "2016.08.16"]
[Round "4.8"]
[White "Poetsch, Hagen"]
[Black "Jaeschke, Jens-Uwe"]
[Result "1-0"]
[WhiteElo "2501"]
[BlackElo "2144"]
[PlyCount "75"]
[EventDate "2016.??.??"]
[WhiteTeam "SF Schöneck"]
[BlackTeam "SF Nordost Berlin"]

1. e4 e6 2. d4 d5 3. Nc3 Nf6 4. e5 Nfd7 5. f4 c5 6. Nf3 Nc6 7. Be3 cxd4 8. Nxd4
Bc5 9. Qd2 O-O 10. O-O-O a6 11. Nb3 Bb4 12. Bd3 b5 13. Rhf1 Nb6 14. Qf2 Nc4 15.
Ne4 Be7 16. Bc5 Bd7 17. Bxe7 Nxe7 18. Ng5 h6 19. Nh7 Re8 20. Qg3 Kh8 21. Qh3
Ng8 22. g4 g6 23. Nf6 Nxf6 24. exf6 Qxf6 25. Qxh6+ Kg8 26. Bxc4 bxc4 27. Nd4 c3
28. bxc3 Bb5 29. Rf3 Rac8 30. f5 Qg7 31. Qxg7+ Kxg7 32. f6+ Kg8 33. Rh3 Rc4 34.
Rg1 Ra4 35. Nxb5 axb5 36. Rh6 g5 37. Rg3 Rf4 38. Rgh3 1-0

[Event "Lichtenberger Sommer 2016"]
[Site "?"]
[Date "2016.08.16"]
[Round "4.9"]
[White "Rietze, Clemens"]
[Black "Amelang, Thomas"]
[Result "0-1"]
[WhiteElo "2368"]
[BlackElo "2169"]
[PlyCount "54"]
[EventDate "2016.??.??"]
[WhiteTeam "SC Rotation Pankow"]
[BlackTeam "SK Siemens München"]

1. c4 g6 2. d4 Bg7 3. e4 c5 4. d5 d6 5. Nc3 Nf6 6. f3 a6 7. Be3 Bd7 8. e5 dxe5
9. Bxc5 O-O 10. Be3 e6 11. Bd3 exd5 12. cxd5 e4 13. Bxe4 Nxe4 14. Nxe4 Re8 15.
Kf2 f5 16. Nc5 Rxe3 17. Kxe3 Qb6 18. Rc1 Bxb2 19. Ne2 Bxc1+ 20. Qxc1 Bb5 21.
Nd4 Nd7 22. Nce6 Nf6 23. Kf2 Re8 24. Qe3 Bc4 25. Re1 Bxd5 26. a4 Bxe6 27. Nxe6
Rxe6 0-1

[Event "Lichtenberger Sommer 2016"]
[Site "?"]
[Date "2016.08.16"]
[Round "4.10"]
[White "Hermannsdörfer, Frank"]
[Black "Melamed, Tatjana"]
[Result "0-1"]
[WhiteElo "2188"]
[BlackElo "2318"]
[PlyCount "86"]
[EventDate "2016.??.??"]
[WhiteTeam "SV Liebschwitz"]
[BlackTeam "AE Magdeburg"]

1. b3 e5 2. Bb2 Nc6 3. e3 Nf6 4. Bb5 Bd6 5. Ne2 O-O 6. Ng3 Ne7 7. f4 exf4 8.
Bxf6 gxf6 9. Nh5 Ng6 10. O-O c6 11. Be2 Bc7 12. Bg4 f5 13. Bxf5 Qg5 14. Qg4
Qxg4 15. Nf6+ Kg7 16. Nxg4 Ne7 17. Bd3 d5 18. Nf2 fxe3 19. dxe3 Be5 20. c3 b5
21. a3 Be6 22. Ra2 a6 23. Nd1 c5 24. Raf2 c4 25. Bc2 a5 26. Nd2 Bd6 27. b4 axb4
28. axb4 Nc6 29. Nf3 Ne5 30. Rd2 Nxf3+ 31. gxf3 Ra2 32. f4 f5 33. Rff2 Be7 34.
Rg2+ Kh8 35. Bb1 Ra1 36. Rb2 Bf6 37. Kf2 Rfa8 38. Ke2 Bf7 39. Bxf5 Rc1 40. Bc2
Bh5+ 41. Kd2 Raa1 42. Nf2 Rf1 43. Nh3 Ra3 0-1

[Event "Lichtenberger Sommer 2016"]
[Site "?"]
[Date "2016.08.16"]
[Round "4.11"]
[White "Förster, Jonas"]
[Black "Hansch, Stephan"]
[Result "1-0"]
[WhiteElo "2289"]
[BlackElo "2126"]
[PlyCount "73"]
[EventDate "2016.??.??"]
[WhiteTeam "SV Empor Berlin"]
[BlackTeam "SC Empor Potsdam"]

1. d4 d5 2. c4 e6 3. Nf3 Nf6 4. Nc3 Be7 5. Bg5 O-O 6. e3 h6 7. Bh4 b6 8. cxd5
Nxd5 9. Bxe7 Qxe7 10. Bd3 Bb7 11. O-O Nd7 12. Re1 c5 13. e4 cxd4 14. Nxd5 exd5
15. e5 Rfe8 16. Bb5 a6 17. Bxd7 Qxd7 18. Nxd4 Rac8 19. Qd3 Qg4 20. Rad1 g6 21.
Re3 Rc4 22. b3 Rc7 23. e6 fxe6 24. Rde1 e5 25. h3 Qg5 26. f4 Qf6 27. fxe5 Qg7
28. Nf5 Qh7 29. Nd6 Re6 30. Nxb7 Rxb7 31. Qxd5 Qe7 32. Qc4 b5 33. Qf4 Kg7 34.
Rf1 Qf7 35. Qe4 Qd7 36. Ref3 Rbb6 37. Qf4 1-0

[Event "Lichtenberger Sommer 2016"]
[Site "?"]
[Date "2016.08.16"]
[Round "4.12"]
[White "Moser, Axel"]
[Black "Rudakov, Aleksandr"]
[Result "0-1"]
[WhiteElo "2137"]
[BlackElo "2242"]
[PlyCount "64"]
[EventDate "2016.??.??"]
[WhiteTeam "SK Handschuhsheim"]
[BlackTeam "Perovo Moscow"]

1. d4 Nf6 2. c4 c5 3. d5 e6 4. Nc3 exd5 5. cxd5 Bd6 6. Nf3 Bc7 7. d6 Ba5 8. g3
O-O 9. Bg2 Ne4 10. Qd3 Qf6 11. O-O Nxc3 12. bxc3 Qxc3 13. Qb1 h6 14. Bb2 Qb4
15. Qc2 c4 16. a3 Qxd6 17. Qxc4 Nc6 18. Qg4 Qg6 19. Qxg6 fxg6 20. Nh4 Kh7 21.
Be4 Ne7 22. Rad1 d5 23. Bxd5 Nxd5 24. Rxd5 Bb6 25. Kg2 Be6 26. Rd6 Rae8 27. e3
Bc5 28. Rd2 Bg4 29. Kg1 Rd8 30. Rc2 b6 31. Kg2 g5 32. f3 Bc8 0-1

[Event "Lichtenberger Sommer 2016"]
[Site "?"]
[Date "2016.08.16"]
[Round "4.13"]
[White "Rosmann, Ilja"]
[Black "Gallien, Fabian"]
[Result "1-0"]
[WhiteElo "2289"]
[BlackElo "2146"]
[PlyCount "71"]
[EventDate "2016.??.??"]
[WhiteTeam "Königsspr. SC"]
[BlackTeam "SW Lichtenrade"]

1. e4 d5 2. exd5 Qxd5 3. Nc3 Qa5 4. d4 c6 5. Bc4 Bf5 6. Nf3 Nf6 7. Ne5 e6 8.
O-O Nbd7 9. Re1 Rd8 10. Qe2 Nxe5 11. dxe5 Nd7 12. Bg5 Be7 13. Bxe7 Kxe7 14. a3
h6 15. b4 Qc7 16. Bb3 Rhe8 17. Qe3 a6 18. Na4 Kf8 19. c4 c5 20. Rad1 cxb4 21.
axb4 Kg8 22. c5 Nb8 23. Rd6 Nc6 24. Qd2 Qe7 25. Nb6 Qh4 26. f4 Nd4 27. Ba4 Nb5
28. Bxb5 axb5 29. g3 Qe7 30. Rd1 Rxd6 31. cxd6 Qd8 32. Qd4 Be4 33. Ra1 Bc6 34.
d7 Re7 35. Ra8 Qxa8 36. d8=Q+ 1-0

[Event "Lichtenberger Sommer 2016"]
[Site "?"]
[Date "2016.08.16"]
[Round "4.14"]
[White "Giemsa, Stephan"]
[Black "Schulz, Michael"]
[Result "1-0"]
[WhiteElo "2261"]
[BlackElo "2120"]
[PlyCount "101"]
[EventDate "2016.??.??"]
[WhiteTeam "SK König Tegel"]
[BlackTeam "SC Zitadelle Spandau"]

1. d4 Nf6 2. c4 c5 3. d5 e6 4. Nc3 exd5 5. cxd5 d6 6. e4 g6 7. Nge2 Bg7 8. Ng3
a6 9. a4 h5 10. Be2 Qe7 11. f3 b6 12. Bg5 Qe5 13. Qd2 Nbd7 14. Bf4 Qe7 15. O-O
h4 16. Nh1 Nh5 17. Be3 h3 18. g3 Ne5 19. Nf2 Nf6 20. Bg5 Qc7 21. Rac1 Nh7 22.
Bh6 f6 23. Bxg7 Qxg7 24. f4 Qh6 25. Qd1 Nf7 26. Bg4 f5 27. exf5 gxf5 28. Re1+
Kd8 29. Qe2 Ra7 30. Bf3 Nf6 31. Qc4 Re8 32. b4 Rae7 33. Rxe7 Rxe7 34. Rf1 Ng4
35. Bxg4 fxg4 36. bxc5 bxc5 37. Nfe4 Qg7 38. Rd1 Bf5 39. Qxa6 Rxe4 40. Qb6+ Ke7
41. Nxe4 Bxe4 42. Qb7+ Kf6 43. Qb2+ Kg6 44. Qxg7+ Kxg7 45. a5 c4 46. a6 c3 47.
a7 c2 48. Rc1 Bxd5 49. Rxc2 Kf6 50. Rb2 Nh6 51. Rd2 1-0

[Event "Lichtenberger Sommer 2016"]
[Site "?"]
[Date "2016.08.16"]
[Round "4.15"]
[White "Koop, Thilo"]
[Black "Schnabel, Ralf"]
[Result "1/2-1/2"]
[WhiteElo "2156"]
[BlackElo "2235"]
[PlyCount "78"]
[EventDate "2016.??.??"]
[WhiteTeam "Lübecker SV"]
[BlackTeam "ESV Nickelhütte Aue"]

1. Nc3 Nf6 2. d4 d5 3. Bg5 Nbd7 4. Nf3 h6 5. Bh4 e6 6. e3 c5 7. Bd3 Be7 8. O-O
a6 9. Re1 b5 10. e4 Bb7 11. exd5 Nxd5 12. Ne4 Qb6 13. Bxe7 Nxe7 14. Ne5 cxd4
15. Nxd7 Kxd7 16. Qf3 f5 17. Nc5+ Qxc5 18. Qxb7+ Kd6 19. Qf3 e5 20. Bxf5 Rhf8
21. b4 Qc4 22. Bd3 Rxf3 23. Bxc4 bxc4 24. gxf3 Nd5 25. a3 Rf8 26. Kg2 g5 27.
Re4 Nf4+ 28. Kf1 Ng6 29. Ke2 Nh4 30. Rxh4 gxh4 31. Rg1 Rf6 32. Rg4 a5 33. bxa5
Kd5 34. Rxh4 Ra6 35. Rh5 Rxa5 36. f4 Rxa3 37. Rxe5+ Kd6 38. Rh5 Ra2 39. Kd1
Ra1+ 1/2-1/2

[Event "Lichtenberger Sommer 2016"]
[Site "?"]
[Date "2016.08.16"]
[Round "4.16"]
[White "Frohberg, Marco"]
[Black "Deutschbein, Christopher"]
[Result "1-0"]
[WhiteElo "2197"]
[BlackElo "2006"]
[PlyCount "65"]
[EventDate "2016.??.??"]
[WhiteTeam "Lübecker SV"]
[BlackTeam "Eckernförder SC"]

1. e4 e5 2. Nf3 Nc6 3. Bc4 Bc5 4. a3 a6 5. c3 Nf6 6. d4 Ba7 7. Nxe5 O-O 8. Nxc6
bxc6 9. e5 d5 10. Be2 Ne4 11. O-O c5 12. Be3 f6 13. f3 Ng5 14. f4 Ne6 15. f5
cxd4 16. cxd4 Ng5 17. e6 g6 18. g4 h5 19. Nc3 c5 20. h4 cxd4 21. Bxd4 Qd6 22.
Kg2 Bb8 23. Rh1 Qg3+ 24. Kf1 Nh3 25. Qd3 Qxd3 26. Bxd3 hxg4 27. e7 Re8 28. Nxd5
gxf5 29. Nxf6+ Kf7 30. Bc4+ Kg6 31. Nxe8 Bb7 32. Nf6 Bf3 33. Bd5 1-0

[Event "Lichtenberger Sommer 2016"]
[Site "?"]
[Date "2016.08.16"]
[Round "4.17"]
[White "Kutschke, Jens"]
[Black "Simon, Ralf-Axel"]
[Result "0-1"]
[WhiteElo "2002"]
[BlackElo "2162"]
[PlyCount "84"]
[EventDate "2016.??.??"]
[WhiteTeam "SF 1903 Berlin"]
[BlackTeam "TSG Neuruppin"]

1. e4 e5 2. Nf3 Nc6 3. Bc4 Bc5 4. O-O Nf6 5. Re1 d6 6. c3 O-O 7. d3 Ne7 8. a4
c6 9. b4 Bb6 10. a5 Bc7 11. Bg5 d5 12. Bb3 dxe4 13. dxe4 Qxd1 14. Rxd1 Bg4 15.
h3 Bxf3 16. gxf3 Rfd8 17. Na3 Kf8 18. Rxd8+ Rxd8 19. Be3 Rd3 20. Rc1 b6 21.
axb6 Bxb6 22. Bxb6 axb6 23. Bd1 b5 24. Be2 Rd2 25. Bf1 Nh5 26. c4 Ra2 27. Rc3
bxc4 28. Nxc4 f6 29. Rd3 Ra8 30. Nb6 Ra1 31. Nc4 Nf4 32. Rd8+ Kf7 33. Ne3 Ne6
34. Rd7 Nd4 35. Kg2 Ke8 36. Rb7 g5 37. Ng4 Ng6 38. Nxf6+ Kd8 39. Rd7+ Kc8 40.
Rxd4 exd4 41. Nxh7 Nf4+ 42. Kg1 d3 0-1

[Event "Lichtenberger Sommer 2016"]
[Site "?"]
[Date "2016.08.16"]
[Round "4.18"]
[White "Kapp, Martin"]
[Black "Heuser, Philip"]
[Result "1-0"]
[WhiteElo "2305"]
[BlackElo "2086"]
[PlyCount "53"]
[EventDate "2016.??.??"]
[WhiteTeam "ESV Lok Raw Cottbus"]
[BlackTeam "Münchener SC"]

1. d4 d5 2. c4 c6 3. Nc3 Nf6 4. Bf4 dxc4 5. a4 Qb6 6. Qd2 Bf5 7. a5 Qb3 8. f3
Nd5 9. Ra3 Qc2 10. e4 Qxd2+ 11. Bxd2 Nxc3 12. Rxc3 Be6 13. Ne2 b5 14. Nf4 Bd7
15. b3 cxb3 16. Rxb3 e6 17. Nh5 f6 18. f4 Kf7 19. e5 Na6 20. Be2 Rb8 21. exf6
gxf6 22. Ng3 c5 23. Bh5+ Kg7 24. f5 exf5 25. Ne4 Be7 26. Rg3+ Kf8 27. Bh6# 1-0

[Event "Lichtenberger Sommer 2016"]
[Site "?"]
[Date "2016.08.16"]
[Round "4.19"]
[White "Hansch, Karsten"]
[Black "Schnabel, Bennett"]
[Result "1-0"]
[WhiteElo "2265"]
[BlackElo "2044"]
[PlyCount "81"]
[EventDate "2016.??.??"]
[WhiteTeam "SC Empor Potsdam"]
[BlackTeam "SV Mattnetz Berlin"]

1. c4 f5 2. g3 Nf6 3. Bg2 g6 4. Nc3 Bg7 5. e3 d6 6. Nge2 O-O 7. O-O Nc6 8. d3
e5 9. Rb1 Qe8 10. Nd5 Qf7 11. Nec3 Nd8 12. Qa4 Ne6 13. Qa3 Kh8 14. Nxf6 Qxf6
15. f4 Qd8 16. b4 a5 17. b5 exf4 18. gxf4 g5 19. Ne2 Ra7 20. Bb2 b6 21. Bxg7+
Kxg7 22. Qc3+ Qf6 23. Qxf6+ Kxf6 24. fxg5+ Kxg5 25. Nf4 Nxf4 26. Rxf4 Re8 27.
h4+ Kf6 28. e4 Ke5 29. Rbf1 Rg8 30. Kh2 c5 31. exf5 Rag7 32. Bd5 Rf8 33. f6 Rg4
34. Rxg4 Bxg4 35. f7 Bh5 36. Kg3 Kd4 37. Rf6 Kc3 38. Kf4 a4 39. Kg5 Bg6 40. Kh6
Kb2 41. Rf2+ 1-0

[Event "Lichtenberger Sommer 2016"]
[Site "?"]
[Date "2016.08.16"]
[Round "4.20"]
[White "Kapr, Klaus"]
[Black "Rehberg, Raphael"]
[Result "0-1"]
[WhiteElo "1990"]
[BlackElo "2248"]
[PlyCount "82"]
[EventDate "2016.??.??"]
[WhiteTeam "SC Friesen Lichtenberg"]
[BlackTeam "SG Lok Brandenburg"]

1. e4 c5 2. Nf3 e6 3. d4 cxd4 4. Nxd4 a6 5. Nc3 Qc7 6. Bd3 Nf6 7. O-O Bc5 8.
Be3 O-O 9. Qe2 b5 10. a3 d6 11. Rae1 Nbd7 12. f4 Bb7 13. Kh1 Rfe8 14. Rf3 Qb6
15. Nb3 Bxe3 16. Rxe3 e5 17. Nd5 Bxd5 18. exd5 Nxd5 19. Bxh7+ Kf8 20. Be4 Qxe3
21. Qxe3 Nxe3 22. Bxa8 Nxc2 23. Rc1 Rxa8 24. Rxc2 exf4 25. Rc6 Ke7 26. Nd4 g6
27. Ne2 Ne5 28. Rc1 f3 29. gxf3 Nxf3 30. Rc7+ Kf6 31. Kg2 Ne5 32. Ng3 d5 33.
Ne2 Rd8 34. Nd4 Rd6 35. b3 Nd7 36. Kf3 Nf8 37. Rc1 Ne6 38. Ne2 d4 39. Ng3 Ke7
40. Ne4 Rb6 41. h3 f5 0-1

[Event "Lichtenberger Sommer 2016"]
[Site "?"]
[Date "2016.08.16"]
[Round "4.21"]
[White "Niehaus, Frank"]
[Black "Goldenstein, Arnd"]
[Result "0-1"]
[WhiteElo "2255"]
[BlackElo "2016"]
[PlyCount "74"]
[EventDate "2016.??.??"]
[WhiteTeam "SK König Tegel"]
[BlackTeam "Klub Kölner SF"]

1. e4 e5 2. f4 exf4 3. Nf3 d5 4. exd5 Nf6 5. Bb5+ c6 6. dxc6 Nxc6 7. d4 Bd6 8.
O-O O-O 9. Bxc6 bxc6 10. c4 Bg4 11. Nc3 Re8 12. Qd3 Bh5 13. Rd1 Ng4 14. c5 Bb8
15. b4 Ne3 16. Rd2 a5 17. b5 Bg6 18. Qe2 Nc2 19. Rxc2 Rxe2 20. Rxe2 cxb5 21.
Bb2 b4 22. Rae1 f6 23. Na4 Bc7 24. Nh4 Bf7 25. Nf5 Kf8 26. Ne7 Bd5 27. Nxd5
Qxd5 28. Re7 Rc8 29. c6 Be5 30. dxe5 Kxe7 31. exf6+ Kf7 32. Re7+ Kf8 33. Re5
Qd1+ 34. Kf2 Qxa4 35. fxg7+ Kg8 36. c7 Qc2+ 37. Re2 Qxc7 0-1

[Event "Lichtenberger Sommer 2016"]
[Site "?"]
[Date "2016.08.16"]
[Round "4.22"]
[White "Vogel, Robert"]
[Black "Silz, Elisa"]
[Result "0-1"]
[WhiteElo "2215"]
[BlackElo "1973"]
[PlyCount "100"]
[EventDate "2016.??.??"]
[WhiteTeam "SG Pang-Rosenheim"]
[BlackTeam "SV Empor Berlin"]

1. d4 Nf6 2. c4 g6 3. Nc3 Bg7 4. e4 d6 5. f4 O-O 6. Nf3 e5 7. fxe5 dxe5 8. d5
Nh5 9. Be3 f5 10. Qd2 f4 11. Bf2 Bg4 12. O-O-O a5 13. c5 Nf6 14. Kb1 Na6 15.
Rc1 Re8 16. Bb5 Bxf3 17. gxf3 c6 18. Bc4 Kh8 19. Rhd1 Nb8 20. Na4 Nbd7 21. dxc6
bxc6 22. Bf1 Qe7 23. Bh3 Nf8 24. Qd6 Qb7 25. Nb6 Rab8 26. Rc2 h6 27. Be1 N6h7
28. Bxa5 Ng5 29. Bg2 Nge6 30. Qd2 Nd4 31. Rcc1 Nfe6 32. Nc4 Re7 33. Nd6 Qa8 34.
Bb6 Rd7 35. Nc4 Nf8 36. Bh3 Nxf3 37. Qf2 Rxd1 38. Rxd1 Nd4 39. Bc7 Qa4 40. Rc1
Ra8 41. a3 Re8 42. Nd6 Re7 43. Bd8 Ra7 44. Nc8 Rb7 45. Nb6 Qb3 46. Rc3 Qd1+ 47.
Ka2 Ne2 48. Rc4 Nc1+ 49. Rxc1 Qxc1 50. Bh4 g5 0-1

[Event "Lichtenberger Sommer 2016"]
[Site "?"]
[Date "2016.08.16"]
[Round "4.23"]
[White "Püschel, Werner"]
[Black "Dimitrijeski, Kristian"]
[Result "0-1"]
[WhiteElo "2028"]
[BlackElo "2212"]
[PlyCount "150"]
[EventDate "2016.??.??"]
[WhiteTeam "Lasker Steglitz-Wilmersdorf"]
[BlackTeam "SK König Tegel"]

1. e4 e5 2. Nf3 Nc6 3. c3 d5 4. Qa4 f6 5. Bb5 Nge7 6. exd5 Qxd5 7. O-O Bd7 8.
d4 e4 9. Nfd2 f5 10. Na3 Nc8 11. Ndc4 Bxa3 12. bxa3 a6 13. Bxc6 Bxc6 14. Ne3
Bxa4 15. Nxd5 Kd7 16. Bf4 Nd6 17. Rab1 Bb5 18. Rfc1 Bd3 19. Rb2 b5 20. Ne3 Nc4
21. Nxc4 Bxc4 22. Re1 g6 23. Re3 c6 24. h4 Rhe8 25. Kh2 Ke6 26. g3 Kd5 27. Bc7
Bd3 28. Ba5 Bc4 29. Kg2 Ra7 30. Bb4 Rf7 31. f4 exf3+ 32. Kxf3 Rxe3+ 33. Kxe3
Rf6 34. a4 Re6+ 35. Kf2 Re4 36. axb5 axb5 37. a3 Re6 38. Rd2 h6 39. Rd1 Re2+
40. Kf3 Re4 41. Kf2 f4 42. gxf4 Rxf4+ 43. Kg3 Re4 44. Rh1 Ke6 45. Rh2 h5 46.
Kf3 Kf5 47. Bd6 Bd5 48. Kf2 Rg4 49. Ke3 Re4+ 50. Kf2 Bc4 51. Kf3 Re1 52. Bb4
Bd5+ 53. Kf2 Rd1 54. Ke2 Rc1 55. Kd2 Ra1 56. Rf2+ Kg4 57. Be7 Bf3 58. Kd3 Kg3
59. Rd2 Re1 60. Bd6+ Kxh4 61. Rh2+ Kg4 62. Kd2 Ra1 63. Ke3 Re1+ 64. Kd2 Rd1+
65. Ke3 h4 66. Rf2 Re1+ 67. Kd2 Re4 68. Kd3 g5 69. c4 Re1 70. cxb5 cxb5 71. Kd2
Rb1 72. Kc3 Bd5 73. Re2 Rc1+ 74. Kd2 Rc4 75. Kd3 Rc6 0-1

[Event "Lichtenberger Sommer 2016"]
[Site "?"]
[Date "2016.08.16"]
[Round "4.24"]
[White "Pluska, Alexander"]
[Black "Kötz, Andreas"]
[Result "1-0"]
[WhiteElo "2116"]
[BlackElo "2027"]
[PlyCount "79"]
[EventDate "2016.??.??"]
[WhiteTeam "SK Doppelbauer Kiel"]
[BlackTeam "SC Zitadelle Spandau"]

1. Nf3 Nf6 2. c4 g6 3. Nc3 Bg7 4. d4 O-O 5. e4 d6 6. Be2 e5 7. O-O Nc6 8. d5
Ne7 9. b4 Ne8 10. c5 f5 11. Ng5 Nf6 12. f3 Kh8 13. Be3 Neg8 14. cxd6 cxd6 15.
Rc1 Bh6 16. h4 f4 17. Bf2 Bxg5 18. hxg5 Nh5 19. Nb5 Qxg5 20. Rxc8 Raxc8 21.
Nxd6 Rc7 22. Qd2 Rd7 23. Nc4 Qf6 24. Nxe5 Ng3 25. Bd4 Rg7 26. Rc1 Qh4 27. Rc8
Qe7 28. Rxf8 Qxf8 29. Nd7 Qe7 30. Bxg7+ Kxg7 31. Nc5 Qh4 32. Ne6+ Kf7 33. Nxf4
Qh1+ 34. Kf2 Qh4 35. Ke3 Qg5 36. Kd3 Nxe2 37. Kxe2 h5 38. Kd3 Nf6 39. Ne6 Qg3
40. Qh6 1-0

[Event "Lichtenberger Sommer 2016"]
[Site "?"]
[Date "2016.08.16"]
[Round "4.25"]
[White "Kohler, Thomas"]
[Black "Witte, Ronald"]
[Result "1/2-1/2"]
[WhiteElo "2184"]
[BlackElo "2023"]
[PlyCount "41"]
[EventDate "2016.??.??"]
[WhiteTeam "SC Zitadelle Spandau"]
[BlackTeam "BSV 63 Chemie Weißensee"]

1. g3 Nf6 2. Bg2 g6 3. c4 Bg7 4. Nc3 O-O 5. d3 d6 6. e4 e5 7. Nge2 Nc6 8. O-O
Nd7 9. Be3 Nd4 10. Bd2 Nc5 11. Bc1 Nce6 12. Nxd4 Nxd4 13. Ne2 Nxe2+ 14. Qxe2 c6
15. Be3 Be6 16. Rad1 Qa5 17. Qd2 Qxd2 18. Rxd2 c5 19. Rb1 a5 20. b3 Rfb8 21. a4
1/2-1/2